MDQL
is popping MORE tags! Check the
thread
!
Quizzes
Events
Quiz Creation
Community
Videos
Private Events
Remove Ads
Sign In
Join for FREE
Feedback
Dark Mode
Quiz Categories
Sports
Geography
Music
Movies
Television
Just For Fun
Miscellaneous
History
Literature
Language
Science
Gaming
Entertainment
Religion
Holiday
For Kids
Quiz Lab
Recent
Popular Today
Quiz Kudos Today
Editor Picks
Curator Picks
Quizzes by...
Day
Popularity
Type
Ratings
Length
Year
Community
Subscriptions
Recent Discussions
Orange Saloon
Badges
Playlists
Quests
Create
Leaderboards
Showdown
Live 5
Trivia Bingo
Activity
Puzzle Library
Sporcle Events
Private Events
Virtual Trivia
Globe League
Become a Host
Pub Owners
SporcleCon
Opinionation
Our Games
Videos
Blog
Mobile Apps
Partnerships
Remove Ads and Go Orange
Feedback
Music
Pop Music
The Beatles
Song
Album
Lyrics
Bands
Singers
Artist
Clip
Rock
Rap
Classical
Billboard
Country Music
Kpop
Taylor Swift
Music
Pop Music
The Beatles
Song
Album
Lyrics
Bands
Singers
Artist
Clip
Rock
Rap
Classical
Billboard
Country Music
Kpop
Taylor Swift
Random Quiz
Search Sporcle
×
Quiz Lab
Quiz Lab
Music
Album
Type in answers that appear in a list
Type in answers that appear in a list
Classic
Best Score? Go Orange.
One Direction: Midnight Memories Lyrics VII Stats
Can you guess the lyrics to a One Direction song from the Midnight Memories album?
By
Katiefurtado
8m
283 Questions
2,740 Plays
2,740 Plays
2,740 Plays
Comments
Comments
Give Quiz Kudos
Give Quiz Kudos
-
- Ratings
hide this ad
More Info
Replay
Link that replays current quiz
Next Quiz
Link to next quiz in quiz playlist
You Got
0%
They Got
Avg Score
76%
Avg Friend Score
Upgrade to see
Score Distribution
Jump to the score distribution portion of the page
Score
0/283
Timer
08:00
0
Plays Today
Answer
% Correct
and
96.6%
And
96.6%
and
96.6%
And
96.6%
and
96.6%
And
96.6%
and
96.6%
And
96.6%
the
96.6%
a
96.6%
the
96.6%
the
96.6%
and
96.6%
And
96.6%
And
96.6%
and
96.6%
and
96.6%
And
96.6%
the
96.6%
a
96.6%
the
96.6%
And
96.6%
And
96.6%
and
96.6%
ya
96.2%
ya
96.2%
You
96.1%
You
96.1%
you
96.1%
You
96.1%
you
96.1%
you
96.1%
you
96.1%
you
96.1%
you
96.1%
you
96.1%
you
96.1%
you
96.1%
you
96.1%
you
96.1%
you
96.1%
You
96.1%
you
96.1%
you
96.1%
you
96.1%
you
96.1%
you
96.1%
you
96.1%
you
96.1%
you
96.1%
you
96.1%
you
96.1%
you
96.1%
you
96.1%
you
96.1%
I
94.6%
I
94.6%
I
94.6%
I
94.6%
I
94.6%
I
94.6%
I
94.6%
I
94.6%
I
94.6%
I
94.6%
I
94.6%
I
94.6%
I
94.6%
I
94.6%
me
87.4%
me
87.4%
me
87.4%
me
87.4%
be
85.9%
be
85.9%
be
85.9%
be
85.9%
your
85.5%
your
85.5%
your
85.5%
your
85.5%
your
85.4%
your
85.4%
your
85.4%
your
85.4%
your
85.4%
your
85.4%
to
83.9%
to
83.9%
to
83.9%
to
83.9%
to
83.9%
to
83.9%
to
83.9%
to
83.9%
Answer
% Correct
love
83.8%
love
83.8%
love
83.8%
love
83.8%
don't
83%
don't
83%
don't
83%
don't
83%
We
82.8%
We
82.8%
on
80.5%
on
80.5%
is
80.2%
is
80.2%
is
80.2%
is
80.2%
is
80.2%
for
79.9%
for
79.9%
for
79.9%
for
79.9%
know
79.7%
know
79.7%
you're
79.3%
you're
79.3%
you're
79.3%
in
77.6%
in
77.6%
in
77.6%
that
77.4%
that
77.4%
that
77.4%
that
77.4%
that
77.4%
can
76%
can
76%
can
76%
will
75.7%
will
75.7%
will
75.7%
will
75.7%
will
75.7%
will
75.7%
will
75.7%
if
75.3%
if
75.3%
If
75.3%
see
74.7%
see
74.7%
see
74.7%
See
74.7%
see
74.7%
see
74.7%
heart
74.6%
heart
74.6%
heart
74.6%
heart
74.6%
Oh
74.3%
Oh
74.3%
Oh
74.3%
Chorusx2
74.3%
When
73.7%
When
73.7%
through
73.3%
dark
73.3%
through
73.3%
dark
73.3%
tell
73.2%
tell
73.2%
tell
73.2%
tell
73.2%
way
73%
way
73%
way
73%
strong
72.8%
strong
72.8%
So
72.5%
I'll
72.2%
I'll
72.2%
are
72.1%
are
72.1%
here
71.7%
here
71.7%
wanna
71.6%
wanna
71.6%
wanna
71.6%
wanna
71.6%
But
71.6%
But
71.6%
But
71.6%
But
71.6%
But
71.6%
just
71.1%
just
71.1%
just
71.1%
Answer
% Correct
night
70.8%
night
70.8%
hold
69.9%
hold
69.9%
hold
69.9%
over
69.4%
over
69.4%
over
69.4%
find
68.8%
find
68.8%
down
68.4%
down
68.4%
fire
68%
fire
68%
fire
68%
water
67.6%
water
67.6%
water
67.6%
carry
67.6%
carry
67.6%
carry
67.6%
It's
67.4%
It's
67.4%
stay
65.8%
out
65.7%
out
65.7%
coming
65.5%
coming
65.5%
enough
65.4%
enough
65.4%
again
65.4%
again
65.4%
again
65.4%
again
65.4%
back
65.3%
back
65.3%
Back
65.3%
there
65.1%
come
64.7%
come
64.7%
lost
64.4%
Even
64.3%
even
64.3%
closer
63.8%
closer
63.8%
Hope
63.2%
Hope
63.2%
scream
63.1%
scream
63.1%
shout
62.9%
shout
62.9%
smile
62.2%
smile
62.2%
burn
61.7%
burn
61.7%
would
61.5%
only
61.3%
let
60.2%
pain
59.9%
tears
59.5%
hurt
59.3%
hurt
59.3%
sad
59.1%
It'll
58.1%
It'll
58.1%
take
58%
could
57.5%
never
56.6%
fall
56.4%
fall
56.4%
all
56.4%
need
56%
need
56%
break
55.1%
I'd
54.3%
hiding
53.7%
wish
52.5%
loved
52.2%
loved
52.2%
laugh
51.9%
cry
49.7%
easy
49%
let's
48.9%
apart
48.4%
or
47.8%
head
47.6%
vain
46.8%
laughing
45.1%
remember
42.9%
start
42.3%
shame
41.6%
held
38.9%
run
31.7%
Quiz Playlist
Details
Report
Send in Message
Add To Playlist
More Info:
Guess the lyrics to a song on One Direction's Midnight Memories album
Classic:
Type in answers that appear in a list
Last Updated: Feb 16, 2017
Quiz Scoreboard
CHALLENGE
Sign Up to Join the Scoreboard
Show All
Scores
Hide
Comments
May contain spoilers
Recently Published
Holiday 10x10 Sorting Gallery
by lukepisani3
Holiday
15m
Two Season TV Shows II
by 123Four
Television
10m
Image Sorting: Flags VI
by Barbecue
Geography
2m
More to Explore
Quiz From the Vault
Featured Blog Post
14 Easter Pick-up Lines to Find Eggs With
hide this ad
You Might Also Like...
Tags
Album Quiz
Lyrics Quiz
Song Quiz
direction
Figure Out the Lyrics
Memory
midnight
Midnight Memories
Missing Lyrics
One Direction
Soundtrack Lyrics
Today's Top Quizzes in Music
Browse Music
hide this ad
Today's Top Quizzes in Album
Browse Album
Top Contributed Quizzes in Music
1
5X2 Blitz: Bands II
2
Taylor Swift All Songs (2024)
3
5X2 Blitz: The Beatles
4
5X2 Blitz: Billboard
5
Music Artist by Three 2010s hits
6
5X2 Blitz: Billboard II
7
Singers Born in the 1930s
8
5X2 Blitz: Album
9
5X2 Blitz: Rock
10
5X2 Blitz: Singers
Explore More
Trending Topics
Crossword
Disney
Marvel
Harry Potter
Anime
Kpop
NBA
Pokémon
WWE
Puzzle
Soccer
NFL
Song
Country
The Office
hide this ad
More By:
Katiefurtado
Quiz
Plays
Rating
Category
Featured
Created
One Direction: Midnight Memories Lyrics VIII
3,142
4.00
Music
Jan 1, 2014
One Direction: Midnight Memories Lyrics I
4,704
4.80
Music
Dec 31, 2013
One Direction: Midnight Memories Lyrics V
3,798
4.00
Music
Jan 1, 2014
One Direction: Midnight Memories Lyrics II
3,485
4.00
Music
Jan 1, 2014
One Direction: Midnight Memories Lyrics VI
3,382
4.43
Music
Jan 1, 2014
One Direction: Midnight Memories Lyrics III
3,370
4.33
Music
Jan 1, 2014
Go to Creator's Profile
Score Distribution
Quiz Creator Spotlight
Katiefurtado
Follow
Send a Message
Quizzes Created
-
Created Quiz Play Count
-
More By This Creator
Popular Quizzes Today
1
Find the US States - No Outlines Minefield
2
Colored Red Africa Blitz
3
Find the 'City' Movie
4
The Countries of the World
5
Find the US States
6
5x2 Blitz: Bands
7
Find the Countries of Europe - No Outlines Minefield
8
US States
More Music Quizzes
Famous Guitar cLicks
Published
Trending Quizzes
Colored Red Europe Blitz I
Colored Red Europe Blitz II
Colored Red Africa Blitz II
Colored Red Europe Blitz III
Colored Red Africa Blitz III
Recently Updated
Odd Team Out - Big 4 Players
pecheneg
Quick Pick: 20 Twenties
pecheneg
March Madness Men's Triple Doubles
pecheneg
How Do You Spell That?
pecheneg
Godzilla Movies
pecheneg
Grab Bag: 4-10 Letters
pecheneg
2024 March Madness Bracket
pecheneg
Famous TV Couples
Peacemaker
Champions League XIs: Real Madrid
pecheneg
Largest US Cities 1790-2010
pecheneg
Trending Topics
Marvel
Anime
Harry Potter
NBA
Disney
Kpop
Crossword
WWE
Pokémon
Song
NFL
Country
The Office
Soccer
Puzzle
Your Account Isn't Verified!
In order to create a playlist on Sporcle, you need to verify the email address you used during registration. Go to your
Sporcle Settings
to finish the process.
Report this User
Report this user for behavior that violates our
Community Guidelines
.
Details:
Send Report
Go to the Sporcle.com Mobile Site →
Comments